ბათუმის შოთა რუსთაველის სახელმწიფო უნივერსიტეტის ბიბლიოთეკა

Технология перевода : (ბიბ.ჩანაწერი № 50894)

000 -LEADER
fixed length control field 00932nam a2200229Ia 4500
001 - CONTROL NUMBER
control field 17849
003 - CONTROL NUMBER IDENTIFIER
control field GE_BSU
005 - DATE AND TIME OF LATEST TRANSACTION
control field 20200226141746.0
008 - FIXED-LENGTH DATA ELEMENTS--GENERAL INFORMATION
fixed length control field 181216s2001ru xx |||||||||||||| ||rus||
020 ## - INTERNATIONAL STANDARD BOOK NUMBER
International Standard Book Number 9785891910393
040 ## - CATALOGING SOURCE
Transcribing agency GE_BSU
041 ## - LANGUAGE CODE
Language code of text/sound track or separate title rus
080 ## - UNIVERSAL DECIMAL CLASSIFICATION NUMBER
Universal Decimal Classification number 81(075.8) Л-47
100 ## - MAIN ENTRY--PERSONAL NAME
Personal name Латышев,Л.К.
9 (RLIN) 7488
245 ## - TITLE STATEMENT
Title Технология перевода :
Remainder of title Книга для преподавателя с методическими комментариями и ключами к упражнениям /
Statement of responsibility, etc. Л.К. Латышев ; Гл. ред. Н.И.Крылова.
264 ## - PRODUCTION, PUBLICATION, DISTRIBUTION, MANUFACTURE, AND COPYRIGHT NOTICE
Place of production, publication, distribution, manufacture Москва :
Name of producer, publisher, distributor, manufacturer НВИ-ТЕЗАРИУС,
Date of production, publication, distribution, manufacture, or copyright notice 2001.
300 ## - PHYSICAL DESCRIPTION
Extent 88 стр.:
Dimensions 20 см.
653 ## - INDEX TERM--UNCONTROLLED
keyword Технология перевода.
653 ## - INDEX TERM--UNCONTROLLED
keyword თარგმნის თეორია
700 ## - ADDED ENTRY--PERSONAL NAME
Personal name Крылова, Н.И.
Relator term მთავარი რედაქტორი
9 (RLIN) 7493
942 ## - ADDED ENTRY ELEMENTS (KOHA)
Koha item type წიგნი
Source of classification or shelving scheme
ეგზემპლარები
Withdrawn status Lost status Source of classification or shelving scheme Damaged status Not for loan Permanent Location Current Location Shelving location Date acquired Full call number Barcode Date last seen Copy number Price effective from Koha item type
          ბათუმის შოთა რუსთაველის სახელმწიფო უნივერსიტეტის მთავარი ბიბლიოთეკა ბათუმის შოთა რუსთაველის სახელმწიფო უნივერსიტეტის მთავარი ბიბლიოთეკა წიგნსაცავი 2018-12-17 81(075.8) Л-47 45717 2018-12-17 45717 2018-12-17 წიგნი